| 000 | 00437nam a22001577a 4500 | ||
|---|---|---|---|
| 003 | macl | ||
| 005 | 20170623125256.0 | ||
| 008 | 170623b xxu||||| |||| 00| 0 eng d | ||
| 040 | _cmacl | ||
| 082 | _a900 | ||
| 100 |
_aChakrabarti kaustav _967157 |
||
| 245 | _aA Brief History of Europe In The Nineteenth And The Twentieth Centuries (1830-1939) | ||
| 260 |
_aKoolkata _bRachayita _c2014 |
||
| 650 |
_aHisstory _967768 |
||
| 942 |
_2ddc _cBK |
||
| 999 |
_c56639 _d56639 |
||